000 00929nas a2200289 4500
001 BR0801677
003 BR-BrBNA
005 20231205111726.0
007 ta
008 230509b bl.|||p| |||| 00| 00por d
040 _aBR-BrBNA
_bpor
_cBiblioteca Nacional de Agricultura
041 _a(Pt)
072 _aL73; L74; L72
100 1 _aPimentel, D.C.G.
100 1 _aAmorim, F.V.
100 1 _aSouza, H.J.M. de
100 1 _aCalixto, R.S.
100 1 _aFaria, V.P. de
245 1 _aEncefalopatia hepática causada por platinossomíase
_bRelato de caso
650 _aGATO
650 _aENCEFALITE
650 _aDISTURBIO FISIOLÓGICO
650 _aPARASITO DE ANIMAL
773 0 _tMEDVEP. Revista Científica de Medicina Veterinária. Pequenos Animais e Animais de Estimação (Brazil)
_xISSN 1678-1430
_g(2005), v. 3(10) p. 100-103
_wBR0801677
909 _a202311
_bLúcia
_c55
_dLúcia Elande
942 _2AGRIS
_n0
_cANA
999 _c194167
_d194167